Indiquez la profession des parents ! 8 - Statistiques

Statistiques générales
  • Ce quiz a été pris 9 fois
  • Le résultat moyen est 2 sur 20
Statistiques - réponses
Hint Réponse % Correct
Louis de Funès Avocat
38%
Xavier Gélin Comédiens
25%
Francis Huster Directeur commercial chez Lancia / Couturière
25%
Gérard Jugnot Entrepreneur en bâtiment
25%
Bernard Fresson Boulanger
13%
Jean Gabin Cafetier - Comédien / Plumassière - Chanteuse
13%
Dominique Farrugia Chef d'orchestre - Restaurateur
13%
Pierre Jolivet Comédiens de doublage
13%
Fernandel Comptable - Comédien / Comédienne
13%
Elie Kakou Militaire de carrière
13%
Mehdi El Glaoui Noble marocain / Romancière
13%
Jarry Ouvriers
13%
José Garcia Valet / Cuisinière
13%
Pierre Dux Comédiens
0%
Arié Elmaleh Commerçant
0%
Jacques Gamblin Commerçants
0%
Daniel Gélin Employé / Ouvrière
0%
Bernard Giraudeau Militaire de carrière
0%
Pierre Fresnay Professeur
0%
Michel Galabru Professeur et ingénieur
0%
Aucun quiz correspondant
Distribution des résultats
% des personnes avec chaque résultat
Percentile par nombre de réponses
Votre historique - résultats
Vous n’avez pas pris ce quiz